| 000 | 00950cam a22003017a 4500 | ||
|---|---|---|---|
| 003 | CHAP | ||
| 005 | 20220329142050.0 | ||
| 008 | 990520d1990 mx a r 00010 spa d | ||
| 010 | _a77870 | ||
| 011 | _a78842 | ||
| 020 | _a9686561005 | ||
| 035 | _a88943 | ||
| 040 | _cCHAP | ||
| 082 | 0 | 4 |
_a333.097253 _bO7 |
| 100 | 0 | 0 |
_aOrtiz Macedo, Luis. _984002 |
| 245 | 1 | 3 |
_aLa hacienda de San Agustín de las Cuevas _c/por Luis Ortiz Macedo |
| 260 |
_aMéxico, D. F. : _bAfianzadora insurgentes, _c1990. |
||
| 300 |
_a125 p. : _bilus. |
||
| 590 |
_aBATCH-UPD _b10 _c20130110 _lUCH01 _h0731 |
||
| 590 |
_aBATCH-UPD _b10 _c20130410 _lUCH01 _h0414 |
||
| 590 |
_aBATCH-UPD _b10 _c20130914 _lUCH01 _h1559 |
||
| 590 |
_aCONVERSION _b10 _c20130109 _lUCH01 _h1343 |
||
| 650 | 1 | 4 |
_aHaciendas _xMéxico (D.F.) _952165 |
| 901 | _aBK | ||
| 905 | _aLilia Sánchez G. | ||
| 942 | _cLIBRO | ||
| 949 |
_a333.097253 O7 _bBC _cC _d33724000723755 _eC _gI.c/e _h95334 _i88943 _kDonaciØn _sb |
||
| 999 |
_c77870 _d77870 |
||